CAMPAINGN OF ADOWA AND THE RISE OF MENLIK NEW (Record no. 20467)

MARC details
000 -LEADER
fixed length control field 00439nam a22001577a 4500
003 - CONTROL NUMBER IDENTIFIER
control field OSt
005 - DATE AND TIME OF LATEST TRANSACTION
control field 20211129091959.0
008 - FIXED-LENGTH DATA ELEMENTS--GENERAL INFORMATION
fixed length control field 211129b |||||||| |||| 00| 0 eng d
040 ## - CATALOGING SOURCE
Transcribing agency HAWASSA UNIVERSITY
050 ## - LIBRARY OF CONGRESS CALL NUMBER
Classification number 963/BER
Item number 1
082 ## - DEWEY DECIMAL CLASSIFICATION NUMBER
Classification number 963/BER
Item number 1
100 ## - MAIN ENTRY--PERSONAL NAME
Personal name BERKELEY F-HG.
Fuller form of name BERKELEY F-HG.
9 (RLIN) 20862
245 ## - TITLE STATEMENT
Title CAMPAINGN OF ADOWA AND THE RISE OF MENLIK NEW
260 ## - PUBLICATION, DISTRIBUTION, ETC.
Place of publication, distribution, etc. NEW YORK
Name of publisher, distributor, etc. NEGRO UNIVERSITY
Date of publication, distribution, etc. 1969
942 ## - ADDED ENTRY ELEMENTS (KOHA)
Source of classification or shelving scheme Dewey Decimal Classification
Koha item type Books like text book referance book
Suppress in OPAC No
Holdings
Withdrawn status Lost status Source of classification or shelving scheme Damaged status Not for loan Home library Current library Date acquired Full call number Barcode Date last seen Copy number Price effective from Koha item type Total Checkouts
    Dewey Decimal Classification     College of Agriculture Library College of Agriculture Library 11/29/2021 963/BER ALIB0007424 11/29/2021 1 11/29/2021 Books like text book referance book  
    Dewey Decimal Classification     College of Agriculture Library College of Agriculture Library 11/29/2021 963/BER ALIB0007425 11/29/2021 2 11/29/2021 Books like text book referance book